| 000 | 004560000a22001690004500 | ||
|---|---|---|---|
| 003 | MACL | ||
| 005 | 20151229173821.0 | ||
| 008 | 151229b xxu||||| |||| 00| 0 eng d | ||
| 040 |
_aMACL _cMACL |
||
| 041 | _aEnglish | ||
| 082 | _a891.2/JOL | ||
| 100 |
_aMitra, Raja Rajendralal _924445 |
||
| 245 |
_aThe Twelve Principal Upanisads _bVolume 3 |
||
| 260 |
_bTheosophical Publishing House _c1932 |
||
| 650 |
_aPhilosophy _924446 |
||
| 942 |
_cBK _k181.4/MIT _2ddc |
||
| 999 |
_c36379 _d36379 |
||